Welcome to the Holygrace Academy Library

Please use search bar below to get started

CHUNI HUYI KAVITHAYEM (Record no. 4195)

MARC details
000 -LEADER
fixed length control field 00239nam a22001217a 4500
082 ## - DEWEY DECIMAL CLASSIFICATION NUMBER
Classification number 494
Item number AGY/C
100 ## - MAIN ENTRY--AUTHOR NAME
Personal name AGNEY
245 ## - TITLE STATEMENT
Title CHUNI HUYI KAVITHAYEM
260 ## - PUBLICATION, DISTRIBUTION, ETC. (IMPRINT)
Place of publication DELHI
Name of publisher RAJPAL
300 ## - PHYSICAL DESCRIPTION
Number of Pages 183
650 ## - SUBJECT ADDED ENTRY--TOPICAL TERM
Topical Term POETRY
Geographic subdivision DELHI
942 ## - ADDED ENTRY ELEMENTS (KOHA)
Koha item type Books
Holdings
Withdrawn status Lost status Collection code Home library Current library Shelving location Date acquired Source of acquisition Full call number Accession Number Koha item type
    Non-fiction Main Library Main Library   10/10/2022 PURCHASE 494 AGY/C 12713 Books